Neobchodimyje uslovija ekstremuma

Gespeichert in:
Bibliographische Detailangaben
1. Verfasser: Pšeničnyj, Boris Nikolajevič
Format: Buch
Sprache:Russisch
Veröffentlicht: Moskva Nauka 1982
Ausgabe:2. pererab. i dopoln. izd.
Schriftenreihe:Optimizacija i issledovanije operacij
Tags: Tag hinzufügen
Keine Tags, Fügen Sie das erste Tag hinzu!

MARC

LEADER 00000nam a2200000 4500
001 c130482
005 20041019155249.5
041 0 |a rus 
044 |a RU 
245 1 0 |a Neobchodimyje uslovija ekstremuma  |c Boris Nikolajevič Pšeničnyj 
250 |a 2. pererab. i dopoln. izd. 
264 1 |a Moskva  |b Nauka  |c 1982 
300 |a 141 s. 
490 1 |a Optimizacija i issledovanije operacij 
830 0 |a Optimizacija i issledovanije operacij 
100 1 |a Pšeničnyj, Boris Nikolajevič